书目信息 |
| 题名: |
美国电影摄影师手册
|
|
| 作者: | 克拉克 著 ;王学林 , 顾岳迁 译 | |
| 分册: | ||
| 出版信息: | 北京 中国电影出版社 1987.7 |
|
| 页数: | 747页 | |
| 开本: | 20cm | |
| 丛书名: | ||
| 单 册: | ||
| 中图分类: | TB8-62 | |
| 科图分类: | ||
| 主题词: | 摄影技术 | |
| 电子资源: | ||
| ISBN: | ||
| 000 | 00608nam0 2200217 45 | |
| 001 | 0312221749 | |
| 005 | 20031222170908.9 | |
| 010 | @dCNY6.75 | |
| 100 | @a20031222d1987 km y0chiy0120 ea | |
| 101 | @achi | |
| 105 | @a z 000yy | |
| 200 | 1 | @a美国电影摄影师手册@AMei Guo Dian Ying She Ying Shi Shou Ce@f(美)克拉克著@F(Mei)Ke La Ke Zhu@g王学林,顾岳迁译 |
| 210 | @a北京@c中国电影出版社@d1987.7 | |
| 215 | @a747页@d20cm | |
| 606 | 0 | @a摄影技术 |
| 690 | @aTB8-62@v3 | |
| 701 | 0 | @a克拉克@4著 |
| 702 | 0 | @a王学林@4译 |
| 702 | 0 | @a顾岳迁@4译 |
| 801 | @aCN@bTSTCL@c20031222 | |
| 905 | @a213230@dTB8-62@e14=5 | |
| 美国电影摄影师手册/(美)克拉克著/王学林,顾岳迁译.-北京:中国电影出版社,1987.7 |
| 747页;20cm |
| ISBN :CNY6.75 |
| ● |
| 相关链接 |
|
|
|
|
正题名:美国电影摄影师手册
索取号:TB8-62/14=5
 
预约/预借
| 序号 | 登录号 | 条形码 | 馆藏地/架位号 | 状态 | 备注 |
| 1 | 0203971 | 001359666 | 第二样本阅览室/ [索取号:TB8-62/14=5] | 在馆 |